LEADER 01397nam0-2200409---450- 001 990000824160203316 005 2000120701012776 010 $a88-7050-107-8 035 $a0082416 035 $aUSA010082416 035 $a(ALEPH)000082416USA01 035 $a0082416 100 $a20001207d1980 |||||ita|01 ba 101 $aita 102 $aIT 105 $a|||| ||||| 200 1 $a<> quattro libri dell'architettura$fAndrea Palladio$ga cura di Licisco Magagnato e Paola Marini$gintroduzione di Licisco Magagnato 210 $aMilano$cIl polifilo$d[1980]. 215 $aLXXI, 580 p., [5] c. di tav.$cill.$d27 cm 225 $aClassici italiani di scienze tecniche e arti$iTrattati di architettura$v6. 410 1$12001$aClassici italiani di scienze tecniche e arti$iTrattati di architettura$v6. 500 11$a<> quattro libri dell'architettura$939935 676 $a720 700 1$aPALLADIO,$bAndrea$c<1508-1580>$0299344 702 1$aMARINI,$bPaola 702 1$aMAGAGNATO,$bLicisco 801 0$aIT$bsalbc$gISBD 912 $a990000824160203316 951 $aVII A 136$b95977 LM$cVII A 959 $aBK 969 $aUMA 979 $aPATTY$b90$c20011221$lUSA01$h1653 979 $aPATTY$b90$c20011221$lUSA01$h1654 979 $c20020403$lUSA01$h1728 979 $aPATRY$b90$c20040406$lUSA01$h1657 996 $aQuattro libri dell'architettura$939935 997 $aUNISA LEADER 01490nas 2200385 n 450 001 990008886130403321 005 20240229084532.0 011 $a0001-8449 035 $a000888613 035 $aFED01000888613 035 $a(Aleph)000888613FED01 035 $a000888613 091 $2CNR$aP 00070368 100 $a20090724b19662009km-y0itaa50------ba 101 0 $aeng 110 $aauu-------- 200 1 $aAdolescence 207 1$a1966-2009 210 $aSan Diego$cLibra Publishers. 326 $aTrimestrale 452 0$12001$aAdolescence 530 0 $aAdolescence 675 $a3.053.7 675 $a159.9 676 $a301.43/15/05 801 0$aIT$bACNP$c20090723 859 4 $uhttp://acnp.cib.unibo.it/cgi-ser/start/it/cnr/dc-p1.tcl?catno=44946&person=false&language=ITALIANO&libr=&libr_th=unina1$zBiblioteche che possiedono il periodico 901 $aSE 912 $a990008886130403321 958 $aBiblioteca del Dipartimento di Neuroscienze - Università degli Studi di Napoli "Federico II"$b1977-$fDMNCI 959 $aDMNCI 996 $aAdolescence$9802322 997 $aUNINA AP1 8 $6866-01$aNA189 Biblioteca del Dipartimento di Neuroscienze - Università degli Studi di Napoli "Federico II"$ev. Pansini,5, 80131 Napoli (NA)$m0817463329$m0815453045$nit AP2 40$aacnp.cib.unibo.it$nACNP Italian Union Catalogue of Serials$uhttp://acnp.cib.unibo.it/cgi-ser/start/it/cnr/df-p.tcl?catno=44946&language=ITALIANO&libr=&person=&B=1&libr_th=unina&proposto=NO